Readings for writers
The book is great. It teaches you a lot of things about writing and grammar
Zapisane w:
| 1. autor: | |
|---|---|
| Format: | Książka |
| Język: | Undetermined |
| Wydane: |
New York
Harcourt Brace Jovanovich
1992
|
| Hasła przedmiotowe: | |
| Etykiety: |
Dodaj etykietę
Nie ma etykietki, Dołącz pierwszą etykiete!
|
| Thư viện lưu trữ: | Trung tâm Học liệu Trường Đại học Cần Thơ |
|---|
| LEADER | 00683nam a2200205Ia 4500 | ||
|---|---|---|---|
| 001 | CTU_221733 | ||
| 008 | 210402s9999 xx 000 0 und d | ||
| 082 | |a 808 | ||
| 082 | |b M113 | ||
| 100 | |a McCuen, Jo Ray | ||
| 245 | 0 | |a Readings for writers | |
| 245 | 0 | |c Jo Ray McCuen, Anthony C. Winkler | |
| 260 | |a New York | ||
| 260 | |b Harcourt Brace Jovanovich | ||
| 260 | |c 1992 | ||
| 520 | |a The book is great. It teaches you a lot of things about writing and grammar | ||
| 650 | |a Report writing,Viết tường thuật,English language,Tiếng Anh | ||
| 650 | |x Rhetoric,Tu từ học | ||
| 904 | |i Nguyên | ||
| 980 | |a Trung tâm Học liệu Trường Đại học Cần Thơ | ||